[Event "Maili-Jade inv."]
[Site "chess.com"]
[Date "2020.09.13"]
[Round "3.3"]
[White "Latorre, Vincent"]
[Black "Wang, Rachel"]
[Result "1-0"]
[WhiteElo "2071"]
[BlackElo "1837"]
[PlyCount "113"]
[EventDate "2020.08.29"]
[EventType "swiss"]
[EventRounds "5"]
[EventCountry "CAN"]

1. e4 c5 2. Nf3 Nc6 3. d4 cxd4 4. Nxd4 Nf6 5. Nc3 e5 6. Ndb5 d6 7. Bg5 a6 8.
Na3 b5 9. Nd5 Be7 10. Bxf6 Bxf6 11. c3 Bg5 12. Nc2 O-O 13. a4 bxa4 14. Rxa4 a5
15. Bc4 Rb8 16. b3 Be6 17. Nce3 Kh8 18. O-O Ne7 19. Nxe7 Qxe7 20. Bxe6 Bxe3 21.
Bc4 Bb6 22. Qd5 f5 23. exf5 Rxf5 24. Bd3 Rf6 25. b4 Qf8 26. Ra2 axb4 27. cxb4
Bd4 28. b5 Qf7 29. Bc4 Qxd5 30. Bxd5 h6 31. Rb1 Rbf8 32. Bf3 g5 33. b6 e4 34.
b7 Rb8 35. Bxe4 Bc5 36. Bf3 Kg7 37. Ra8 Rff8 38. Rba1 Bb6 39. R1a6 Bc7 40. R8a7
Rbe8 41. Kf1 Re5 42. b8=Q Rxb8 43. Rxc7+ Kf8 44. Rxd6 Rb1+ 45. Rd1 Rxd1+ 46.
Bxd1 Re7 47. Rxe7 Kxe7 48. Ke2 Ke6 49. Ke3 Ke5 50. Bg4 Kd5 51. g3 Ke5 52. f4+
gxf4+ 53. gxf4+ Kf6 54. Ke4 Kg6 55. h4 h5 56. f5+ Kf6 57. Bxh5 1-0

[Event "Maili-Jade inv."]
[Site "chess.com"]
[Date "2020.09.13"]
[Round "3.4"]
[White "Magner, Wilhelm"]
[Black "Morin-Pare, Victor"]
[Result "1-0"]
[WhiteElo "1459"]
[BlackElo "1912"]
[PlyCount "107"]
[EventDate "2020.08.29"]
[EventType "swiss"]
[EventRounds "5"]
[EventCountry "CAN"]

1. d4 Nf6 2. Bf4 e6 3. e3 b6 4. c3 Bb7 5. Nf3 Be7 6. Nbd2 O-O 7. Bd3 d6 8. Qc2
Nbd7 9. e4 Nh5 10. Bg3 e5 11. dxe5 Nxg3 12. hxg3 dxe5 13. O-O-O c5 14. Bb5 Qc7
15. Bxd7 Qxd7 16. Kb1 Qe6 17. Rh5 f6 18. Rdh1 h6 19. Qd3 Rfd8 20. Qe3 Bf8 21.
Nh4 c4 22. Nf5 Rxd2 23. Nxh6+ gxh6 24. Qxd2 Bxe4+ 25. Ka1 Bxg2 26. R1h2 Be4 27.
Qe3 Rd8 28. Qe2 Qd7 29. Qxe4 Qa4 30. Qg4+ Kf7 31. Rh1 Qc2 32. Qxc4+ Ke7 33.
Qb4+ Ke8 34. Qb3 Qe2 35. R5h2 Rd6 36. a4 a6 37. f4 Qf3 38. fxe5 fxe5 39. Re1
Qxg3 40. Rhe2 Bg7 41. Qg8+ Kd7 42. Qf7+ Kc6 43. Re4 b5 44. Qe8+ Kb6 45. Qb8+
Kc6 46. axb5+ axb5 47. Qa8+ Kc7 48. Qa5+ Kc6 49. c4 bxc4 50. Rxc4+ Kd7 51. Qc7+
Ke6 52. Qc8+ Kf6 53. Rf1+ Kg5 54. Qf5# 1-0

[Event "Maili-Jade inv."]
[Site "chess.com"]
[Date "2020.09.13"]
[Round "3.5"]
[White "Dube, Daniel"]
[Black "Leger, Manon"]
[Result "1-0"]
[WhiteElo "1697"]
[BlackElo "1894"]
[PlyCount "85"]
[EventDate "2020.08.29"]
[EventType "swiss"]
[EventRounds "5"]
[EventCountry "CAN"]

1. d4 d5 2. c4 c6 3. Nf3 Nf6 4. Qc2 a6 5. Nbd2 g6 6. g3 Bf5 7. Qb3 Qc8 8. Bg2
dxc4 9. Nxc4 Nbd7 10. Nfe5 Be6 11. Qc2 Bg7 12. Bg5 Qd8 13. Nxd7 Nxd7 14. Nd6+
Kf8 15. Nxb7 Qb6 16. Qxc6 Qxd4 17. Rc1 Ne5 18. Qc5 Qd7 19. O-O Re8 20. Rfd1 Qb5
21. Bxe7+ Kg8 22. Qxb5 axb5 23. Rc7 Bxa2 24. Nd6 Rb8 25. Rc8+ Rxc8 26. Nxc8 h6
27. Bd5 Bxd5 28. Rxd5 Nc6 29. Bd6 Bxb2 30. Rxb5 Bf6 31. Rc5 Nd4 32. e3 Ne6 33.
Rb5 Kg7 34. Ne7 Rd8 35. Bb4 Rd1+ 36. Kg2 Nc7 37. Rb7 Ne6 38. Nc8 Nd8 39. Rb6
Ne6 40. Nd6 Nc7 41. Rb7 Be5 42. Rxc7 Bxd6 43. Rd7 1-0

[Event "Maili-Jade inv."]
[Site "chess.com"]
[Date "2020.09.13"]
[Round "3.6"]
[White "Morin, Louis"]
[Black "Courtemanche, Sylvain"]
[Result "1-0"]
[WhiteElo "1871"]
[BlackElo "1440"]
[PlyCount "121"]
[EventDate "2020.08.29"]
[EventType "swiss"]
[EventRounds "5"]
[EventCountry "CAN"]

1. e4 e5 2. Nf3 Nc6 3. Bc4 Nf6 4. Ng5 d5 5. exd5 Na5 6. Bb5+ c6 7. dxc6 bxc6 8.
Qf3 Be7 9. Bxc6+ Nxc6 10. Qxc6+ Bd7 11. Qf3 O-O 12. O-O Ng4 13. Ne4 f5 14. Ng3
e4 15. Qe2 Bd6 16. h3 Ne5 17. Nc3 Bc6 18. d4 exd3 19. cxd3 f4 20. d4 fxg3 21.
dxe5 gxf2+ 22. Kh2 Qe8 23. exd6 Qxe2 24. Nxe2 Bb5 25. Bg5 Bxe2 26. d7 Bxf1 27.
Rxf1 h6 28. d8=Q Raxd8 29. Bxd8 Rxd8 30. Rxf2 Rd7 31. g3 a5 32. Kg2 a4 33. Rf4
Rd2+ 34. Kf3 Rxb2 35. Rxa4 Rb1 36. Ra7 g6 37. Ke4 Rg1 38. Kf4 Rc1 39. g4 Rf1+
40. Ke5 Re1+ 41. Kf6 g5 42. a4 Rb1 43. a5 Rc1 44. Kg6 Rc6+ 45. Kh5 Kf8 46. Rh7
Ra6 47. Rxh6 Rxa5 48. Kg6 Ra6+ 49. Kxg5 Ra1 50. Rf6+ Kg8 51. h4 Kg7 52. h5 Ra4
53. h6+ Kg8 54. Kh5 Ra5+ 55. g5 Kh7 56. Rf7+ Kg8 57. Rb7 Kh8 58. Re7 Ra6 59.
Re8+ Kh7 60. g6+ Rxg6 61. Re7+ 1-0

[Event "Maili-Jade inv."]
[Site "chess.com"]
[Date "2020.09.13"]
[Round "3.7"]
[White "Grenier, Marcel jr"]
[Black "Mallais, Daniel"]
[Result "1/2-1/2"]
[WhiteElo "1250"]
[BlackElo "1864"]
[PlyCount "170"]
[EventDate "2020.08.29"]
[EventType "swiss"]
[EventRounds "5"]
[EventCountry "CAN"]

1. Nf3 d5 2. g3 Nf6 3. d4 e6 4. Bg2 Be7 5. O-O O-O 6. Nc3 c5 7. e3 Nbd7 8. a4
b6 9. b3 Ba6 10. Re1 c4 11. Bb2 Bb4 12. Nd2 Rc8 13. Rc1 Qe7 14. Bf1 Nb8 15.
bxc4 Bxc3 16. Bxc3 Qa3 17. Ba1 Qxa4 18. cxd5 Nxd5 19. c4 Qxd1 20. Rexd1 Ne7 21.
c5 Bxf1 22. Kxf1 bxc5 23. Rxc5 Rxc5 24. dxc5 Rd8 25. Bd4 Nec6 26. Nb3 e5 27.
Rb1 exd4 28. Nxd4 g6 29. Rd1 Na6 30. Ke2 Ne5 31. f4 Ng4 32. h3 Nf6 33. c6 Nc7
34. Rb1 Rc8 35. f5 Ne4 36. Kf3 Nc3 37. Rb7 a5 38. g4 a4 39. g5 a3 40. f6 a2 41.
Ra7 Ra8 42. Rxa8+ Nxa8 43. Nb3 Kf8 44. Kf4 Ke8 45. Ke5 Kd8 46. Kd4 Nb5+ 47. Kc4
Na3+ 48. Kc3 Kc7 49. e4 Kxc6 50. Kb2 Nb5 51. Na5+ Kd6 52. Nb7+ Kc7 53. Nc5 Nd6
54. Kxa2 Kc6 55. Nd3 Nxe4 56. h4 Kd5 57. Kb2 Nb6 58. Kc2 Ke6 59. Nb4 Nxf6 60.
gxf6 Kxf6 61. Nd3 Kf5 62. Kd2 f6 63. Nf2 h5 64. Ke2 Nc4 65. Kf3 Ne5+ 66. Kg3
Ng4 67. Nd3 g5 68. Nc5 Ne5 69. Nb3 g4 70. Nd4+ Ke4 71. Ne6 f5 72. Nf4 Ke3 73.
Nxh5 Ng6 74. Nf6 Nxh4 75. Kxh4 Kf3 76. Nd5 g3 77. Kh3 f4 78. Nxf4 Kxf4 79. Kg2
Kg4 80. Kg1 Kh3 81. Kh1 Kh4 82. Kg2 Kg4 83. Kg1 Kf3 84. Kf1 g2+ 85. Kg1 Kg3
1/2-1/2

[Event "Maili-Jade inv."]
[Site "chess.com"]
[Date "2020.09.13"]
[Round "3.8"]
[White "Adam, Rafael"]
[Black "Imbeault, Marc"]
[Result "1-0"]
[WhiteElo "2049"]
[BlackElo "1190"]
[PlyCount "97"]
[EventDate "2020.08.29"]
[EventType "swiss"]
[EventRounds "5"]
[EventCountry "CAN"]

1. d4 g6 2. c4 Bg7 3. Nc3 c6 4. g3 Nf6 5. Bg2 O-O 6. Nf3 d6 7. O-O Nbd7 8. b3
Qa5 9. Bd2 Qh5 10. Ng5 Ng4 11. h3 Nxf2 12. Rxf2 Bxd4 13. Bf3 Bxf2+ 14. Kxf2 Qh6
15. Ne6 Qxh3 16. Nxf8 Nxf8 17. Ne4 Qh2+ 18. Bg2 Bf5 19. Ng5 Ne6 20. Nf3 Qh5 21.
Qc1 Bg4 22. Qc3 f6 23. Rh1 Qf5 24. b4 a5 25. b5 Nc5 26. Qe3 Ne4+ 27. Kg1 Qc5
28. Qxc5 dxc5 29. bxc6 bxc6 30. Be1 Nd6 31. Nd2 Bxe2 32. Bxc6 Rb8 33. Kf2 Bd3
34. Bd5+ Kg7 35. Ke3 Bb1 36. Nxb1 Rxb1 37. Kd3 Ra1 38. Bd2 Rxh1 39. Bxh1 Nf5
40. g4 Nd4 41. Bxa5 f5 42. Bc3 e5 43. Bxd4 exd4 44. a4 Kf7 45. a5 Ke7 46. a6
Kd7 47. gxf5 gxf5 48. a7 Kc7 49. a8=Q 1-0

[Event "Maili-Jade inv."]
[Site "chess.com"]
[Date "2020.09.13"]
[Round "3.9"]
[White "Bilodeau-Savaria, Karl"]
[Black "Montmarquette, Yves"]
[Result "1/2-1/2"]
[WhiteElo "759"]
[BlackElo "1475"]
[PlyCount "40"]
[EventDate "2020.08.29"]
[EventType "swiss"]
[EventRounds "5"]
[EventCountry "CAN"]

1. c4 Nf6 2. d4 g6 3. Nf3 Bg7 4. Nc3 d5 5. e3 O-O 6. Bd3 c5 7. O-O cxd4 8. exd4
Nc6 9. Be3 a6 10. Re1 Bg4 11. Be2 Re8 12. Ne5 Bxe2 13. Nxc6 Bxd1 14. Nxd8 Raxd8
15. Raxd1 e6 16. c5 h6 17. h4 Nd7 18. g3 Nb8 19. b4 Nc6 20. a3 h5 1/2-1/2

[Event "Maili-Jade inv."]
[Site "chess.com"]
[Date "2020.09.13"]
[Round "3.10"]
[White "Cormier, Benoit"]
[Black "Li, Jake Chi Hang"]
[Result "1-0"]
[WhiteElo "1393"]
[BlackElo "1008"]
[PlyCount "58"]
[EventDate "2020.08.29"]
[EventType "swiss"]
[EventRounds "5"]
[EventCountry "CAN"]

1. e4 e6 2. d4 d5 3. exd5 exd5 4. Nf3 Nf6 5. Bg5 Bd6 6. Nc3 c6 7. h3 O-O 8. Be2
Bf5 9. O-O Nbd7 10. Re1 Qb6 11. Na4 Qc7 12. Bd3 Bxd3 13. Qxd3 b5 14. Nc3 h6 15.
Bxf6 Nxf6 16. Nd1 Rfe8 17. Ne3 Nh5 18. Nf5 Nf4 19. Qd2 Bb4 20. c3 Ba5 21. b4
Bb6 22. Ne5 f6 23. Nd3 Nxd3 24. Qxd3 Qf4 25. g3 Qc7 26. Qf3 a5 27. a3 axb4 28.
cxb4 Rxe1+ 29. Rxe1 Kh7 1-0

[Event "Maili-Jade inv."]
[Site "chess.com"]
[Date "2020.09.20"]
[Round "4.1"]
[White "Ouellet, Maili-Jade"]
[Black "Latorre, Vincent"]
[Result "1-0"]
[WhiteElo "2341"]
[BlackElo "2071"]
[PlyCount "75"]
[EventDate "2020.08.29"]
[EventType "swiss"]
[EventRounds "5"]
[EventCountry "CAN"]

1. d4 Nf6 2. c4 g6 3. Nc3 Bg7 4. e4 d6 5. Nf3 O-O 6. h3 e5 7. d5 a5 8. Bg5 h6
9. Be3 Na6 10. Bd3 Nc5 11. Bc2 Nh5 12. g3 Qe7 13. Qd2 Kh7 14. g4 Qf6 15. Ng5+
hxg5 16. gxh5 Qf3 17. hxg6+ fxg6 18. Rh2 Bd7 19. Bxg5 Rf7 20. Qe2 Raf8 21. Qxf3
Rxf3 22. Ke2 Bh6 23. Bxh6 Kxh6 24. Rg1 g5 25. Rg3 R3f4 26. Ke3 Be8 27. Bd1 Bg6
28. f3 Bh5 29. Rhg2 Rg8 30. Be2 Na6 31. a3 Nc5 32. Bd1 Nd7 33. Nb5 Nf6 34. Nxc7
Rc8 35. Nb5 g4 36. hxg4 Bxg4 37. Nxd6 Rc7 38. fxg4 1-0

[Event "Maili-Jade inv."]
[Site "chess.com"]
[Date "2020.09.20"]
[Round "4.2"]
[White "Allard, Laurent"]
[Black "Magner, Wilhelm"]
[Result "1-0"]
[WhiteElo "2165"]
[BlackElo "1459"]
[PlyCount "103"]
[EventDate "2020.08.29"]
[EventType "swiss"]
[EventRounds "5"]
[EventCountry "CAN"]

1. e4 c6 2. d4 d5 3. Nd2 dxe4 4. Nxe4 Nf6 5. Nxf6+ exf6 6. c3 Bd6 7. Bd3 O-O 8.
Qc2 Re8+ 9. Ne2 h6 10. Be3 Qc7 11. O-O-O Nd7 12. c4 b6 13. g3 Bb7 14. Nc3 a5
15. Rhe1 Rac8 16. Qe2 Kh8 17. Qh5 Nf8 18. Ne4 Be7 19. Qxf7 Qd8 20. Nc3 Rc7 21.
Bf4 Rd7 22. Bf5 Bc8 23. Bxd7 Bxd7 24. d5 cxd5 25. Nxd5 Bc5 26. Rxe8 Bxe8 27.
Qc7 Qxc7 28. Bxc7 Nd7 29. f4 Bh5 30. Re1 Bf2 31. Re7 Bg4 32. Rxd7 Bxd7 33. Bxb6
Bxb6 34. Nxb6 Bc6 35. a3 Kg8 36. b4 axb4 37. axb4 Kf7 38. Kd2 Ke6 39. Ke3 Kd6
40. Kd4 g5 41. b5 Be8 42. c5+ Kc7 43. Nd5+ Kb7 44. c6+ Kc8 45. Nxf6 Bf7 46. Kc5
gxf4 47. gxf4 h5 48. b6 Bg6 49. b7+ Kc7 50. Nd5+ Kb8 51. Kb6 Be4 52. c7# 1-0

[Event "Maili-Jade inv."]
[Site "chess.com"]
[Date "2020.09.20"]
[Round "4.3"]
[White "Trahan, Daniel"]
[Black "Turcotte, Jonathan"]
[Result "0-1"]
[WhiteElo "2040"]
[BlackElo "2035"]
[PlyCount "62"]
[EventDate "2020.08.29"]
[EventType "swiss"]
[EventRounds "5"]
[EventCountry "CAN"]

1. d4 d5 2. c4 e6 3. Nc3 c6 4. e3 Nf6 5. Nf3 Nbd7 6. Bd3 dxc4 7. Bxc4 b5 8. Bd3
Bb7 9. O-O a6 10. e4 c5 11. d5 Qc7 12. dxe6 fxe6 13. Ng5 Qc6 14. f4 c4 15. Bc2
Bc5+ 16. Kh1 O-O 17. Qe2 e5 18. b3 Bd4 19. Bb2 h6 20. Nf3 Rae8 21. fxe5 Bxe5
22. Nxe5 Nxe5 23. Rad1 b4 24. Nd5 c3 25. Bc1 a5 26. Nxf6+ Rxf6 27. Rxf6 Qxf6
28. Be3 Rf8 29. Kg1 Ba6 30. Qf2 Qg6 31. Qh4 Nf3+ 0-1

[Event "Maili-Jade inv."]
[Site "chess.com"]
[Date "2020.09.20"]
[Round "4.4"]
[White "Wang, Rachel"]
[Black "Morin, Louis"]
[Result "1-0"]
[WhiteElo "1837"]
[BlackElo "1871"]
[PlyCount "45"]
[EventDate "2020.08.29"]
[EventType "swiss"]
[EventRounds "5"]
[EventCountry "CAN"]

1. d4 d5 2. c4 e6 3. Nc3 c5 4. cxd5 cxd4 5. Qxd4 Nc6 6. Qd1 exd5 7. Qxd5 Bd7 8.
Nf3 Nf6 9. Qd1 Bc5 10. e3 Qe7 11. Be2 O-O-O 12. O-O Bf5 13. Qb3 Nb4 14. a3 Nc6
15. Qa4 g5 16. b4 Bd6 17. Bb2 g4 18. Nh4 Qe5 19. g3 Bb8 20. b5 Ne7 21. Rac1 Bc7
22. Qxa7 Qe6 23. Na4 1-0

[Event "Maili-Jade inv."]
[Site "chess.com"]
[Date "2020.09.20"]
[Round "4.5"]
[White "Mallais, Daniel"]
[Black "Dube, Daniel"]
[Result "0-1"]
[WhiteElo "1864"]
[BlackElo "1697"]
[PlyCount "70"]
[EventDate "2020.08.29"]
[EventType "swiss"]
[EventRounds "5"]
[EventCountry "CAN"]

1. d4 Nf6 2. Nf3 c5 3. e3 g6 4. c3 Bg7 5. Be2 cxd4 6. exd4 d5 7. O-O O-O 8.
Nbd2 Nc6 9. Ne5 Ne4 10. Nxc6 bxc6 11. Nxe4 dxe4 12. f3 e5 13. dxe5 Qe7 14. fxe4
Qxe5 15. Qc2 Re8 16. Bd3 a5 17. Bf4 Qc5+ 18. Kh1 a4 19. Rae1 a3 20. Be3 Qa5 21.
b4 Qa4 22. Qxa4 Rxa4 23. Bc2 Ra8 24. Bd4 Be6 25. Bb1 Bh6 26. Rf2 f5 27. exf5
Bxf5 28. Ref1 Bxb1 29. Rxb1 Be3 30. Rf6 Bxd4 31. cxd4 Re2 32. Rxc6 Rxa2 33. h3
Rb2 34. Rbc1 a2 35. Rc8+ Rxc8 0-1

[Event "Maili-Jade inv."]
[Site "chess.com"]
[Date "2020.09.20"]
[Round "4.6"]
[White "Grenier, Marcel jr"]
[Black "Adam, Rafael"]
[Result "0-1"]
[WhiteElo "1250"]
[BlackElo "2049"]
[PlyCount "108"]
[EventDate "2020.08.29"]
[EventType "swiss"]
[EventRounds "5"]
[EventCountry "CAN"]

1. e4 e5 2. Nf3 Nc6 3. Bb5 a6 4. Ba4 Nf6 5. O-O Nxe4 6. Re1 Nc5 7. Bb3 d6 8. h3
Be7 9. c3 Nxb3 10. axb3 O-O 11. d4 exd4 12. Nxd4 Bd7 13. Nf3 Bf6 14. Nbd2 d5
15. Nf1 Be6 16. Be3 Qd7 17. Bg5 Qe7 18. Bxf6 Qxf6 19. Ng3 Rad8 20. Nd4 Nxd4 21.
Qxd4 Qxd4 22. cxd4 Rfe8 23. Rac1 Re7 24. b4 Kf8 25. Nh5 Rde8 26. Kf1 Bd7 27.
Rxe7 Rxe7 28. Rc2 Bb5+ 29. Kg1 f6 30. Ng3 g6 31. h4 Ke8 32. Kh2 Kd7 33. h5 Kd6
34. h6 Re1 35. Rd2 Rc1 36. f4 f5 37. Ne2 Bxe2 38. Rxe2 Kd7 39. Re3 Rd1 40. Rg3
Re1 41. Rd3 Kc6 42. Rc3+ Kb6 43. Kg3 c6 44. Rb3 Kb5 45. Kh4 Kc4 46. Rg3 Kxd4
47. Kg5 Re6 48. Rf3 Ke4 49. Rf1 Kd3 50. b5 Ke2 51. Ra1 d4 52. bxa6 bxa6 53.
Rxa6 d3 54. Ra7 d2 0-1

[Event "Maili-Jade inv."]
[Site "chess.com"]
[Date "2020.09.20"]
[Round "4.7"]
[White "Courtemanche, Sylvain"]
[Black "Morin-Pare, Victor"]
[Result "0-1"]
[WhiteElo "1440"]
[BlackElo "1912"]
[PlyCount "78"]
[EventDate "2020.08.29"]
[EventType "swiss"]
[EventRounds "5"]
[EventCountry "CAN"]

1. e4 d6 2. d4 Nf6 3. Nc3 g6 4. Nf3 Bg7 5. h3 O-O 6. Be3 Nbd7 7. e5 Ne8 8. e6
fxe6 9. Ng5 Nb6 10. d5 Bxc3+ 11. bxc3 Nxd5 12. Qd4 c5 13. Qh4 Nef6 14. Bd2 a6
15. Bd3 b5 16. Nxh7 Nxh7 17. Bxg6 Ndf6 18. g4 Bb7 19. Rg1 Be4 20. g5 Bxg6 21.
gxf6 Rxf6 22. Qg3 Kf8 23. h4 Ke8 24. h5 Bf7 25. Qg7 Kd7 26. Qxh7 Qh8 27. Rg7
Qxh7 28. Rxh7 Rf5 29. h6 Bh5 30. Rg7 Raf8 31. Be3 Rh8 32. a4 Bf3 33. axb5 Rh5
34. Kd2 axb5 35. Ra7+ Kc6 36. Rgxe7 Rh1 37. Bg5 Kd5 38. Ke3 Bh5 39. f4 Rh2 0-1

[Event "Maili-Jade inv."]
[Site "chess.com"]
[Date "2020.09.20"]
[Round "4.8"]
[White "Montmarquette, Yves"]
[Black "Cormier, Benoit"]
[Result "1/2-1/2"]
[WhiteElo "1475"]
[BlackElo "1393"]
[PlyCount "96"]
[EventDate "2020.08.29"]
[EventType "swiss"]
[EventRounds "5"]
[EventCountry "CAN"]

1. c4 Nf6 2. g3 e6 3. Bg2 d5 4. Nf3 Be7 5. O-O O-O 6. cxd5 exd5 7. d4 c6 8. Nc3
Bf5 9. Ne5 Nbd7 10. f4 h6 11. Bd2 Qb6 12. Bc1 Rad8 13. e3 c5 14. Qb3 c4 15.
Qxb6 Nxb6 16. a3 a6 17. Bd2 Ng4 18. h3 Nxe5 19. fxe5 Be6 20. g4 Bg5 21. Rf3 Bh4
22. Be1 Bxe1 23. Rxe1 Nc8 24. Na4 Ne7 25. Ref1 Ng6 26. R3f2 Nh4 27. Kh2 Nxg2
28. Kxg2 b5 29. Nc3 Bc8 30. Rd2 Bb7 31. Kg3 Bc6 32. Rdf2 a5 33. Na2 Rb8 34. h4
b4 35. axb4 axb4 36. e6 fxe6 37. Rxf8+ Rxf8 38. Rxf8+ Kxf8 39. Nxb4 Bd7 40. Kf4
Kf7 41. Na6 Ba4 42. Nc5 Bc2 43. g5 h5 44. Nd7 g6 45. Ke5 Bf5 46. Kd6 Ke8 47.
Nc5 Kf7 48. Nd7 Ke8 1/2-1/2

[Event "Maili-Jade inv."]
[Site "chess.com"]
[Date "2020.09.20"]
[Round "4.9"]
[White "Li, Jake Chi Hang"]
[Black "Imbeault, Marc"]
[Result "0-1"]
[WhiteElo "1008"]
[BlackElo "1190"]
[PlyCount "60"]
[EventDate "2020.08.29"]
[EventType "swiss"]
[EventRounds "5"]
[EventCountry "CAN"]

1. e4 d6 2. Nf3 g6 3. Bc4 Bg4 4. h3 Bxf3 5. Qxf3 Nf6 6. d3 Nbd7 7. Bf4 Bg7 8.
O-O O-O 9. Nc3 c6 10. b4 Nh5 11. Bh2 Bxc3 12. Rab1 Ne5 13. Qe3 Nxc4 14. dxc4
Bg7 15. Rfd1 e5 16. c5 Qf6 17. Rxd6 Qh4 18. Qc3 Nf4 19. Qf3 Ne6 20. Bg3 Qe7 21.
Rbd1 Nd4 22. Qg4 f5 23. exf5 Rxf5 24. c3 Ne6 25. Rd7 Qf8 26. Qc4 Re8 27. R1d6
Rf6 28. Bxe5 Rxf2 29. Bxg7 Qf5 30. g4 Qf3 0-1

[Event "Maili-Jade inv."]
[Site "chess.com"]
[Date "2020.09.27"]
[Round "5.1"]
[White "Turcotte, Jonathan"]
[Black "Ouellet, Maili-Jade"]
[Result "0-1"]
[WhiteElo "2035"]
[BlackElo "2341"]
[PlyCount "86"]
[EventDate "2020.08.29"]
[EventType "swiss"]
[EventRounds "5"]
[EventCountry "CAN"]

1. d4 Nf6 2. c4 e6 3. Nf3 b6 4. g3 Bb7 5. Bg2 c5 6. d5 exd5 7. Nh4 g6 8. cxd5
d6 9. Nc3 Bg7 10. O-O O-O 11. Nf3 a6 12. a4 Re8 13. Nd2 Nbd7 14. Nc4 Ne5 15.
Nxe5 dxe5 16. e4 Qc7 17. b3 Rf8 18. Bb2 Ne8 19. Qe2 Nd6 20. Rac1 Qd7 21. Nb1 a5
22. Rfd1 Ba6 23. Qe3 f5 24. exf5 Nxf5 25. Qe4 Rae8 26. d6 Nd4 27. Qd5+ Kh8 28.
Bxd4 exd4 29. Re1 Rd8 30. Re6 Bb7 31. Qxb7 Qxe6 32. Qxb6 Rxd6 33. Qxc5 d3 34.
Nd2 Bd4 35. Qxa5 Rxf2 36. Kh1 Qe3 37. Qa8+ Kg7 38. Qb7+ Kh6 39. Qe4 Qxd2 40.
Qh4+ Kg7 41. Rc7+ Rf7 42. Rxf7+ Kxf7 43. Qxh7+ Bg7 0-1

[Event "Maili-Jade inv."]
[Site "chess.com"]
[Date "2020.09.27"]
[Round "5.2"]
[White "Latorre, Vincent"]
[Black "Allard, Laurent"]
[Result "0-1"]
[WhiteElo "2071"]
[BlackElo "2165"]
[PlyCount "70"]
[EventDate "2020.08.29"]
[EventType "swiss"]
[EventRounds "5"]
[EventCountry "CAN"]

1. e4 c5 2. Nf3 d6 3. d4 cxd4 4. Nxd4 Nf6 5. Nc3 a6 6. f3 e5 7. Nb3 Be6 8. Be3
h5 9. Qd2 Nbd7 10. O-O-O Qc7 11. Kb1 Rc8 12. h4 b5 13. Nd5 Bxd5 14. exd5 Nb6
15. Bxb6 Qxb6 16. g3 g6 17. Bh3 Bh6 18. f4 Rc7 19. Qe2 Re7 20. fxe5 Rxe5 21.
Qf3 Ne4 22. Rhf1 O-O 23. Nd4 Nd2+ 24. Rxd2 Bxd2 25. Ne6 Qe3 26. Qxe3 Rxe3 27.
Nxf8 Kxf8 28. c4 bxc4 29. Kc2 Be1 30. Be6 f5 31. g4 hxg4 32. h5 g3 33. hxg6 Bf2
34. Kd2 g2 35. Rxf2 Rd3+ 0-1

[Event "Maili-Jade inv."]
[Site "chess.com"]
[Date "2020.09.27"]
[Round "5.3"]
[White "Dube, Daniel"]
[Black "Wang, Rachel"]
[Result "0-1"]
[WhiteElo "1697"]
[BlackElo "1837"]
[PlyCount "100"]
[EventDate "2020.08.29"]
[EventType "swiss"]
[EventRounds "5"]
[EventCountry "CAN"]

1. d4 d5 2. Nf3 Nf6 3. g3 e6 4. Bg2 c5 5. c4 dxc4 6. O-O Be7 7. Qa4+ Nbd7 8.
dxc5 Bxc5 9. Nbd2 O-O 10. Qxc4 b6 11. Nb3 Bb7 12. Nxc5 Nxc5 13. b4 Ba6 14. b5
Bb7 15. Bb2 Bd5 16. Qh4 Nfe4 17. Qf4 Qd7 18. a4 Rac8 19. Ba3 Rfd8 20. Rfd1 Nxa4
21. Ne5 Qb7 22. Bxe4 Bxe4 23. Rxd8+ Rxd8 24. f3 Bc2 25. Rc1 Rd1+ 26. Rxd1 Bxd1
27. Qd4 Qd5 28. Qxd5 exd5 29. Kf2 Nc3 30. Nc6 Nxb5 31. Bc1 Kf8 32. Bf4 a5 33.
Be3 d4 34. Bxd4 Nxd4 35. Nxd4 a4 36. Nb5 Bb3 37. Ke3 Bc4 38. Nd6 b5 39. Kd4
Bxe2 40. Kc3 Ke7 41. Nf5+ Kf6 42. Nd4 Bc4 43. Nc2 Ke5 44. Na3 f5 45. Nxc4+ bxc4
46. Kxc4 f4 47. g4 a3 48. Kb3 Kd4 49. Kxa3 Ke3 50. h4 Kxf3 0-1

[Event "Maili-Jade inv."]
[Site "chess.com"]
[Date "2020.09.27"]
[Round "5.4"]
[White "Morin-Pare, Victor"]
[Black "Adam, Rafael"]
[Result "0-1"]
[WhiteElo "1912"]
[BlackElo "2049"]
[PlyCount "81"]
[EventDate "2020.08.29"]
[EventType "swiss"]
[EventRounds "5"]
[EventCountry "CAN"]

1. d4 Nf6 2. Nc3 d5 3. Bf4 Bf5 4. f3 e6 5. g4 Bg6 6. h4 h6 7. e3 Bd6 8. Nh3 Nc6
9. Bxd6 cxd6 10. Nf4 Bh7 11. g5 Nd7 12. g6 Bxg6 13. Nxg6 fxg6 14. Bd3 Qf6 15.
Nb5 Ke7 16. c3 g5 17. h5 Rhf8 18. Rf1 a6 19. Na3 b5 20. Nc2 Nb6 21. Qe2 e5 22.
Bxb5 Nb8 23. Bd3 a5 24. e4 dxe4 25. Bxe4 Ra7 26. Qb5 N8d7 27. O-O-O Rb8 28.
Rfe1 Qe6 29. Ne3 Qxa2 30. Nf5+ Kf8 31. Qc6 Nc4 32. Re2 Rab7 33. Bb1 Qa1 34.
Rdd2 Nxd2 35. Qxd6+ Kg8 36. Ne7+ Kf7 37. Rxd2 Rxb2 38. Qg6+ Kf8 39. Rc2 Qxb1+
40. Kd2 Rxc2+ 41. Qxc2 0-1

[Event "Maili-Jade inv."]
[Site "chess.com"]
[Date "2020.09.27"]
[Round "5.5"]
[White "Magner, Wilhelm"]
[Black "Morin, Louis"]
[Result "0-1"]
[WhiteElo "1459"]
[BlackElo "1871"]
[PlyCount "105"]
[EventDate "2020.08.29"]
[EventType "swiss"]
[EventRounds "5"]
[EventCountry "CAN"]

1. d4 e5 2. dxe5 Nc6 3. e4 Nxe5 4. Nf3 Nxf3+ 5. Qxf3 Bc5 6. Bc4 Qf6 7. Qxf6
Nxf6 8. Nc3 O-O 9. O-O c6 10. Bd2 d6 11. h3 Re8 12. Rfe1 b5 13. Bd3 a6 14. Rad1
Ra7 15. Be3 Bxe3 16. Rxe3 Rae7 17. Rde1 b4 18. Nb1 d5 19. e5 Nd7 20. f4 Nc5 21.
Nd2 Nxd3 22. cxd3 c5 23. g4 f6 24. Kf2 fxe5 25. Rxe5 Rxe5 26. Rxe5 Rxe5 27.
fxe5 Kf7 28. Ke3 d4+ 29. Kf4 Ke6 30. Nc4 Bb7 31. Nd2 Bc6 32. h4 Bb5 33. Ke4 h6
34. Nb3 Bc6+ 35. Kf4 Kd5 36. e6 Kxe6 37. Nxc5+ Kd6 38. Nxa6 b3 39. a3 Bb7 40.
Nb4 g6 41. g5 h5 42. Kg3 Ke5 43. Kh3 Kf4 44. Kh2 Ke3 45. a4 Kd2 46. a5 Kc1 47.
a6 Bxa6 48. Nxa6 Kxb2 49. Nc5 Kc2 50. Na4 Kxd3 51. Nc5+ Kc2 52. Nxb3 Kxb3 53.
Kg3 0-1

[Event "Maili-Jade inv."]
[Site "chess.com"]
[Date "2020.09.27"]
[Round "5.6"]
[White "Trahan, Daniel"]
[Black "Imbeault, Marc"]
[Result "1-0"]
[WhiteElo "2040"]
[BlackElo "1190"]
[PlyCount "65"]
[EventDate "2020.08.29"]
[EventType "swiss"]
[EventRounds "5"]
[EventCountry "CAN"]

1. d4 d5 2. c4 e6 3. Nc3 c5 4. cxd5 exd5 5. Nf3 Nc6 6. g3 Nf6 7. Bg2 Be7 8. O-O
O-O 9. a3 Bf5 10. dxc5 Bxc5 11. b4 Bb6 12. Bb2 Re8 13. Rc1 Qd7 14. Na4 Qe7 15.
e3 Rad8 16. Nxb6 axb6 17. Nd4 Nxd4 18. Qxd4 Rd6 19. Rc3 Ne4 20. Rc7 Qg5 21.
Rxb7 Nf6 22. Rxb6 Rdd8 23. Rc1 Qh6 24. a4 Be6 25. a5 Ng4 26. h4 Qf6 27. Qxf6
Nxf6 28. a6 Nd7 29. Rb7 Rb8 30. Rcc7 Rxb7 31. Rxb7 Nf6 32. a7 Ra8 33. Rb8+ 1-0

[Event "Maili-Jade inv."]
[Site "chess.com"]
[Date "2020.09.27"]
[Round "5.8"]
[White "Cormier, Benoit"]
[Black "Grenier, Marcel jr"]
[Result "1-0"]
[WhiteElo "1393"]
[BlackElo "1250"]
[PlyCount "111"]
[EventDate "2020.08.29"]
[EventType "swiss"]
[EventRounds "5"]
[EventCountry "CAN"]

1. e4 e5 2. Nf3 Nc6 3. Bb5 a6 4. Ba4 Nf6 5. O-O b5 6. Bb3 Be7 7. Re1 d6 8. c3
O-O 9. d4 Na5 10. Bc2 Bg4 11. Nbd2 c5 12. d5 c4 13. Nf1 h6 14. h3 Bd7 15. Ng3
Nb7 16. b4 a5 17. a3 a4 18. Be3 Qc8 19. Nh4 Nxe4 20. Bxe4 Bxh4 21. Nh5 Bg5 22.
Bxg5 hxg5 23. Ng3 f5 24. Bc2 g6 25. Qd2 Qd8 26. Rad1 Kg7 27. f3 f4 28. Ne4 Qb6+
29. Qf2 Qxf2+ 30. Kxf2 Kh6 31. Rh1 Bf5 32. Bb1 Bxe4 33. Bxe4 Kg7 34. Rh2 Kf6
35. Rdh1 Rh8 36. h4 gxh4 37. Rxh4 Rxh4 38. Rxh4 Rg8 39. Rh7 Rb8 40. Rh6 Ke7 41.
Rxg6 Rf8 42. g4 fxg3+ 43. Kxg3 Nd8 44. Kg4 Rf6 45. Rxf6 Kxf6 46. f4 exf4 47.
Kxf4 Ke7 48. Bf5 Nf7 49. Bc8 Ne5 50. Ba6 Kf6 51. Bxb5 Nd3+ 52. Ke4 Nb2 53. Kd4
Nd3 54. Bxc4 Ne5 55. Bb5 Nf3+ 56. Ke3 1-0